Miradas al patrimonio

Shranjeno v:
Bibliografske podrobnosti
Main Authors: Calaf Masachs, Roser (Author), Fontal Merillas, Alaia (Author)
Format: Knjiga
Jezik:španščina
Izdano: Gijón Trea 2006
Serija:Biblioteconomía y Administración Cultural, 153
Teme:
Oznake: Označite
Brez oznak, prvi označite!

MARC

LEADER 00000nam a2200000 a 4500
001 UCI0202
003 CL-VaPUC
008 070427e20060000SP |||||||||||||||||spa|d
020 |a 8479042689 
082 0 4 |a 720.288  |b CAL  |2 21 
100 0 |a Calaf Masachs, Roser  |e author  |9 520300 
700 0 |a Fontal Merillas, Alaia  |e author  |9 520301 
245 1 0 |a Miradas al patrimonio 
300 |a 371 p 
942 |c BK 
945 |d 20070427 00:00:00  |a jtorresc 
260 |a Gijón  |b Trea  |c 2006 
650 0 |a Patrimonio cultural  |9 309364 
650 0 |a Desarrollo cultural  |9 267526 
650 0 |a Desarrollo de la comunidad  |9 267505 
650 0 |a Lenguaje y cultura  |9 311851 
650 7 |a LUGARES HISTORICOS  |2 CL-VaPUC  |9 454195 
650 7 |a PATRIMONIO URBANO  |2 CL-VaPUC  |9 520302 
650 0 |a Métodos de enseñanza  |9 270413 
583 |a last modification  |c 20130304 04:09:01  |k Rodrigo Vera 
490 0 |a Biblioteconomía y Administración Cultural, 153 
999 |c 325439  |d 325437 
952 |0 0  |1 0  |4 0  |6 720_288000000000000_CAL_2006  |7 0  |8 A  |9 406372  |a BIBHIS  |b BIBHIS  |d 2019-11-22  |i 4333861  |l 1  |o 720.288 CAL 2006  |p 4333861  |r 2025-01-20  |s 2024-10-07  |w 2019-11-22  |y BK  |k HIS